Ekonomik coğrafya 3: ziraat coğrafyası (Record no. 4732)

000 -LEADER
fixed length control field 00957nmm a2200301 a 4500
001 - CONTROL NUMBER
control field ocm000604980
003 - CONTROL NUMBER IDENTIFIER
control field TR-IsHL
005 - DATE AND TIME OF LATEST TRANSACTION
control field 20201028131744.0
008 - FIXED-LENGTH DATA ELEMENTS--GENERAL INFORMATION
fixed length control field 131028s2007 tu tur
007 - PHYSICAL DESCRIPTION FIXED FIELD--GENERAL INFORMATION
fixed length control field cr cn
020 ## - INTERNATIONAL STANDARD BOOK NUMBER
International Standard Book Number 9789758986514
035 ## - SYSTEM CONTROL NUMBER
System control number 604980
-- (N$T)
050 04 - LIBRARY OF CONGRESS CALL NUMBER
Classification number HF1025
Item number .D64 2007
090 04 - LOCALLY ASSIGNED LC-TYPE CALL NUMBER (OCLC); LOCAL CALL NUMBER (RLIN)
Classification number (OCLC) (R) ; Classification number, CALL (RLIN) (NR) HF1025
Local cutter number (OCLC) ; Book number/undivided call number, CALL (RLIN) .D64 2007
100 1# - MAIN ENTRY--PERSONAL NAME
Personal name Doğanay, Hayati
245 10 - TITLE STATEMENT
Title Ekonomik coğrafya 3: ziraat coğrafyası
Medium [electronic resource] /
Statement of responsibility, etc. Hayati Doğanay
250 ## - EDITION STATEMENT
Edition statement 1. bs.
260 ## - PUBLICATION, DISTRIBUTION, ETC.
Place of publication, distribution, etc. İstanbul :
Name of publisher, distributor, etc. Aktif Yayınevi,
Date of publication, distribution, etc. 2007
300 ## - PHYSICAL DESCRIPTION
Extent 454 p.
650 #4 - SUBJECT ADDED ENTRY--TOPICAL TERM
Topical term or geographic name entry element Genel Çalışmalar
650 #4 - SUBJECT ADDED ENTRY--TOPICAL TERM
Topical term or geographic name entry element General Works
650 #0 - SUBJECT ADDED ENTRY--TOPICAL TERM
Topical term or geographic name entry element Türkiye coğrafyası
650 #0 - SUBJECT ADDED ENTRY--TOPICAL TERM
Topical term or geographic name entry element Geography of Turkey
650 #0 - SUBJECT ADDED ENTRY--TOPICAL TERM
Topical term or geographic name entry element Ziraat coğrafyası
650 #0 - SUBJECT ADDED ENTRY--TOPICAL TERM
Topical term or geographic name entry element Agricultural geography
650 #7 - SUBJECT ADDED ENTRY--TOPICAL TERM
Topical term or geographic name entry element TECHNOLOGY & ENGINEERING / Agriculture / General
Source of heading or term bisacsh
856 40 - ELECTRONIC LOCATION AND ACCESS
Uniform Resource Identifier <a href="http://search.ebscohost.com/login.aspx?direct=true&scope=site&db=e011xww&AN=604980">http://search.ebscohost.com/login.aspx?direct=true&scope=site&db=e011xww&AN=604980</a>
Holdings
Withdrawn status Lost status Source of classification or shelving scheme Damaged status Not for loan Collection code Permanent Location Current Location Date acquired Total Checkouts Full call number Barcode Date last seen Price effective from Koha item type
        Online   Kıbrıs Amerikan Üniversitesi Kütüphanesi / American University of Cyprus Kıbrıs Amerikan Üniversitesi Kütüphanesi / American University of Cyprus 28.10.2020   HF1025 .D64 2007 604980 28.10.2020 28.10.2020 E-Kitap
Devinim Yazılım Eğitim Danışmanlık tarafından Koha'nın orjinal sürümü uyarlanarak geliştirilip kurulmuştur.